Statistics for Municipalities of Mie Prefecture

Click here to take the quiz!

General Stats

  • This quiz has been taken 45 times
  • The average score is 21 of 29

Answers on the Map

Answers color-coded by a green-red scale on the quiz's map according to % correct below.
 

Answer Stats

Answer% Correct
Ise 伊勢
100%
Suzuka 鈴鹿
100%
Tsu 津
100%
Yokkaichi 四日市
100%
Matsusaka 松坂
95%
Shima 志摩
95%
Kameyama 亀山
89%
Kuwana 桑名
89%
Toba 鳥羽
89%
Iga 伊賀
79%
Inabe いなべ
79%
Kumano 熊野
79%
Nabari 名張
74%
Owase 尾鷲
68%
Taki 多気
68%
Kisosaki 木曽岬
63%
Asahi 朝日
58%
Kawagoe 川越
58%
Kiho 紀宝
58%
Toin 東員
58%
Watarai 度会
58%
Kihoku 紀北
53%
Komono 菰野
53%
Mihama 御浜
53%
Minamiise 南伊勢
53%
Odai 大台
53%
Tamaki 玉城
53%
Meiwa 明和
47%
Taiki 大紀
47%

Score Distribution

Percentile by Number Answered

Percent of People with Each Score

Your Score History

You have not taken this quiz